[Event "Leiden Noteboom Memorial 79th"]
[Site "Leiden"]
[Date "2019.02.23"]
[Round "4"]
[White "Boes, Robert"]
[Black "Hagendijk, Klaas"]
[Result "1/2-1/2"]
[WhiteElo "1812"]
[BlackElo "2024"]
[PlyCount "34"]
[EventDate "2019.02.22"]
[EventType "swiss"]
[EventRounds "6"]
[EventCountry "NED"]
[SourceTitle "CBM 189 Extra"]
[Source "ChessBase"]
[SourceDate "2019.06.03"]
[SourceVersion "1"]
[SourceVersionDate "2019.06.03"]
[SourceQuality "1"]

1. e4 e5 2. Nf3 Nc6 3. Bb5 a6 4. Ba4 d6 5. 0-0 Bd7 6. c3 Nf6 7. Qe2 g6 8. d4 Bg7 9. dxe5 Nxe5 10. Nxe5 dxe5 11. Rd1 Qe7 12. Bxd7+ Nxd7 13. Nd2 0-0 14. Nf3 Nc5 15. b3 Ne6 16. g3 Rfd8 17. Be3 Rxd1+ 1/2-1/2

[Event "Ghent Taminco op 35th"]
[Site "Ghent"]
[Date "2012.07.14"]
[Round "2"]
[White "Decoster, Frederic"]
[Black "Hagendijk, Klaas"]
[Result "1-0"]
[WhiteElo "2305"]
[BlackElo "1981"]
[PlyCount "85"]
[EventDate "2012.07.14"]
[EventType "swiss"]
[EventRounds "9"]
[EventCountry "BEL"]
[SourceTitle "CBM 149 Extra"]
[Source "ChessBase"]
[SourceDate "2012.08.24"]
[SourceVersion "1"]
[SourceVersionDate "2012.08.24"]
[SourceQuality "1"]

1. e4 e5 2. Nf3 Nc6 3. Bb5 a6 4. Ba4 d6 5. c3 Bd7 6. d4 Nf6 7. Nbd2 g6 8. 0-0 b5 9. Bc2 Bg7 10. a4 0-0 11. d5 Ne7 12. c4 Nh5 13. b4 Nf4 14. Ne1 f5 15. f3 c6 16. g3 Nh3+ 17. Kg2 fxe4 18. Nxe4 bxc4 19. dxc6 Be6 20. Qxd6 Qxd6 21. Nxd6 h6 22. Be4 Ng5 23. Bxg5 hxg5 24. Nc2 Nf5 25. Rfd1 Bf6 26. Rab1 Bd8 27. Bd5 Bxd5 28. Rxd5 Bc7 29. Nxc4 Rad8 30. Rbd1 Nd4 31. Rxd8 Rxd8 32. Nxd4 exd4 33. b5 axb5 34. axb5 Rb8 35. Rb1 d3 36. Kf2 Re8 37. b6 Re2+ 38. Kf1 Bxb6 39. Rxb6 Rc2 40. c7 Rc1+ 41. Kf2 Rxc4 42. Rb8+ Kf7 43. c8Q 1-0

[Event "Groningen Harmonie Mini op-A"]
[Site "Groningen"]
[Date "2002.12.30"]
[Round "5.17"]
[White "Van der Leij, Arjan GC"]
[Black "Hagendijk, Klaas"]
[Result "1-0"]
[WhiteElo "1931"]
[BlackElo "2001"]
[PlyCount "67"]
[EventDate "2002.12.26"]
[EventType "swiss"]
[EventRounds "5"]
[EventCountry "NED"]
[SourceTitle "EXT 2004"]
[Source "ChessBase"]
[SourceDate "2003.11.25"]
[SourceVersion "1"]
[SourceVersionDate "2003.11.25"]
[SourceQuality "1"]

1. e4 e5 2. f4 exf4 3. Nf3 Be7 4. Bc4 Nf6 5. e5 Ng4 6. d4 d5 7. exd6 Bxd6 8. 0-0 0-0 9. Nc3 Bf5 10. g3 fxg3 11. Ng5 gxh2+ 12. Kh1 Qd7 13. Qf3 Bg6 14. Qxb7 c5 15. Qxa8 Nc6 16. Nxf7 Bxf7 17. Qxf8+ Bxf8 18. Rxf7 Qxf7 19. Bxf7+ Kxf7 20. d5 Nd4 21. Bf4 g5 22. Bxh2 Nxh2 23. Kxh2 Bd6+ 24. Kg2 Nxc2 25. Rh1 Kg6 26. Ne4 Ne3+ 27. Kf3 Nf5 28. Nxd6 Nxd6 29. Re1 Kf5 30. Re7 g4+ 31. Kg3 Ne4+ 32. Rxe4 Kxe4 33. d6 h5 34. d7 1-0